Library Banner

Aur election nah ho sakay = اور الیکشن نہ ہو سکے / (Record no. 121538)

MARC details
000 -LEADER
fixed length control field 00519nam a22001697a 4500
005 - DATE AND TIME OF LATEST TRANSACTION
control field 20210301114345.0
008 - FIXED-LENGTH DATA ELEMENTS--GENERAL INFORMATION
fixed length control field 210301b ||||| |||| 00| 0 eng d
040 ## - CATALOGING SOURCE
Transcribing agency PK-LaUMT
082 ## - DEWEY DECIMAL CLASSIFICATION NUMBER
Classification number RHC 320.95491
Item number GHA-A
100 ## - MAIN ENTRY--PERSONAL NAME
Personal name Ghafoor Ahmad = غفور احمد
245 ## - TITLE STATEMENT
Title Aur election nah ho sakay = اور الیکشن نہ ہو سکے /
Statement of responsibility, etc by Ghafoor Ahmad = غفور احمد
260 ## - PUBLICATION, DISTRIBUTION, ETC. (IMPRINT)
Place of publication, distribution, etc Lahore :
Name of publisher, distributor, etc Jang Publishers,
Date of publication, distribution, etc 1990
300 ## - PHYSICAL DESCRIPTION
Extent 380 p.
546 ## - LANGUAGE NOTE
Language note Urdu
650 ## - SUBJECT ADDED ENTRY--TOPICAL TERM
Topical term or geographic name as entry element Pakistan-Politics
942 ## - ADDED ENTRY ELEMENTS (KOHA)
Koha item type Books
Holdings
Withdrawn status Lost status Damaged status Home library Current library Date acquired Full call number Barcode Date last seen Price effective from Koha item type
      UMT Main Campus UMT Main Campus 2021-03-01 RHC 320.95491 GHA-A 136704 2021-03-01 2021-03-01 Books